[Event "10th Essent op"]
[Site "Hoogeveen NED"]
[Date "2006.10.25"]
[Round "6.4"]
[White "Rogers, Ian"]
[Black "Werle, Jan"]
[Result "1-0"]
[WhiteElo "2526"]
[BlackElo "2551"]
[EventDate "2006.10.20"]
[PlyCount "169"]

1.e4 e5 2.Nf3 Nc6 3.Bb5 a6 4.Ba4 Nf6 5.O-O Be7 6.Re1 b5 7.Bb3 d6 8.c3 O-O 
9.h3 Na5 10.Bc2 c5 11.d4 Qc7 12.d5 Nc4 13.a4 Bd7 14.b3 Nb6 15.a5 Nc8 16.c4
b4 17.Nbd2 Ne8 18.Nf1 Bf6 19.g4 g6 20.Ng3 Bg7 21.Ra2 Ne7 22.Kh2 Kh8 23.Rg1
Ng8 24.Ne1 Qd8 25.Ng2 Bc8 26.Be3 Bh6 27.Bxh6 Nxh6 28.Qd2 Ng8 29.Rf1 Ra7 
30.Bb1 Qf6 31.f4 exf4 32.Nxf4 Qg7 33.Nd3 f6 34.Qf4 Raf7 35.Raf2 Nh6 36.Kg2
Kg8 37.Bc2 Kh8 38.Bd1 Bd7 39.Qe3 Bc8 40.Kh1 Bd7 41.Qf4 Bc8 42.Rg1 Rg8 43.
Rgf1 Re7 44.g5 fxg5 45.Qxg5 Rf7 46.Kg2 Rxf2+ 47.Rxf2 Nf7 48.Qf4 Ne5 49.
Nxe5 Qxe5 50.Qxe5+ dxe5 51.Rf7 Rg7 52.Rf3 Re7 53.Nh1 Kg7 54.Nf2 Nd6 55.Nd3
Nb7 56.Rf2 h5 57.Kg3 Rc7 58.Bc2 Nd6 59.Nxe5 Re7 60.Nxg6 Rxe4 61.Nf4 Re3+ 
62.Kh4 Kh6 63.Ne6 Bxe6 64.Rf6+ Kg7 65.Rxe6 Rxe6 66.dxe6 Kf6 67.Kxh5 Kxe6 
68.Kg6 Nf7 69.h4 Ne5+ 70.Kg7 Ng4 71.h5 Ke5 72.Bd1 Ne3 73.h6 Nf5+ 74.Kg6 
Nxh6 75.Kxh6 Kf4 76.Kg6 Ke3 77.Kf5 Kd2 78.Bg4 Kc2 79.Ke5 Kxb3 80.Kd5 Ka4 
81.Kxc5 Kxa5 82.Kd6 b3 83.c5 b2 84.Bf5 Kb5 85.c6 1-0

[Event "10th Essent op"]
[Site "Hoogeveen NED"]
[Date "2006.10.25"]
[Round "6.5"]
[White "Gurevich, Mikhail"]
[Black "Ernst, Sipke"]
[Result "1-0"]
[WhiteElo "2648"]
[BlackElo "2512"]
[EventDate "2006.10.20"]
[PlyCount "69"]

1.d4 d5 2.c4 c6 3.Nf3 Nf6 4.e3 Bg4 5.h3 Bxf3 6.Qxf3 e6 7.Nc3 Nbd7 8.Bd2 
Bb4 9.Bd3 O-O 10.a3 Bd6 11.cxd5 exd5 12.g4 Nb6 13.g5 Nfd7 14.Rg1 Qe7 15.
O-O-O f5 16.gxf6 Nxf6 17.Qg2 Rf7 18.Kb1 Re8 19.f3 Nfd7 20.e4 dxe4 21.fxe4 
Bf4 22.e5 Bxd2 23.Rxd2 Nf8 24.Ne4 Rd8 25.Nd6 Rxd6 26.exd6 Qxd6 27.Rf2 g6 
28.Rgf1 Rxf2 29.Qxf2 Qe7 30.h4 Kg7 31.Bc2 Nd5 32.Bb3 Nf6 33.Qf4 N8d7 34.
Ka2 c5 35.h5 1-0

[Event "10th Essent op"]
[Site "Hoogeveen NED"]
[Date "2006.10.25"]
[Round "6.6"]
[White "Cheparinov, Ivan"]
[Black "Donchenko, Anatoly G"]
[Result "1-0"]
[WhiteElo "2632"]
[BlackElo "2395"]
[EventDate "2006.10.20"]
[PlyCount "111"]

1.e4 e5 2.Nf3 Nf6 3.Nxe5 d6 4.Nf3 Nxe4 5.d4 d5 6.Bd3 Be7 7.O-O O-O 8.Re1 
f5 9.c4 dxc4 10.Bxc4+ Kh8 11.Nc3 Nc6 12.d5 Nxc3 13.bxc3 Na5 14.Bf1 f4 15.
Ne5 Bd6 16.c4 b6 17.Bb2 Qg5 18.Qd4 Bf5 19.Bc1 Bc2 20.Qc3 Bf5 21.g3 Bg6 22.
Bg2 Nb7 23.Bxf4 Qf6 24.Re3 Bf5 25.h4 h6 26.Rae1 a5 27.a3 Kg8 28.h5 Rae8 
29.Qd2 Nc5 30.Qe2 a4 31.g4 Bc8 32.Ng6 Rxe3 33.fxe3 Re8 34.Rf1 Bxf4 35.Rxf4
Qd6 36.e4 Nd7 37.e5 Qxa3 38.Rf1 Qc3 39.Qf2 Kh7 40.Be4 Qxc4 41.Nf8+ Kh8 42.
Ng6+ Kh7 43.Bf5 Ba6 44.Nf4+ Kh8 45.Bd3 Qxd3 46.Nxd3 Bxd3 47.e6 Nf6 48.Rd1 
Bc4 49.g5 hxg5 50.h6 Rf8 51.hxg7+ Kxg7 52.Qg3 Kg6 53.Qxc7 Bxd5 54.e7 Re8 
55.Qd6 Bf3 56.Rb1 1-0

[Event "10th Essent op"]
[Site "Hoogeveen NED"]
[Date "2006.10.25"]
[Round "6.7"]
[White "Dambacher, Martijn"]
[Black "Dvoirys, Semen I"]
[Result "1/2-1/2"]
[WhiteElo "2429"]
[BlackElo "2553"]
[EventDate "2006.10.20"]
[PlyCount "85"]

1.c4 e5 2.Nc3 Nc6 3.g3 g6 4.Bg2 Bg7 5.Rb1 a5 6.d3 Nge7 7.e3 O-O 8.Nge2 d6 
9.a3 Bf5 10.b4 axb4 11.axb4 Qd7 12.h3 Be6 13.Nd5 Nc8 14.f4 Nd8 15.e4 b5 
16.fxe5 dxe5 17.c5 Nc6 18.g4 f5 19.gxf5 gxf5 20.O-O Kh8 21.Bb2 f4 22.Kh2 
N8e7 23.d4 Nxd5 24.exd5 Bxd5 25.dxe5 Rfd8 26.e6 Bxe6 27.Qxd7 Bxd7 28.Nxf4 
Ra2 29.Rf2 Rxb2 30.Rbxb2 Bxb2 31.Rxb2 Ne5 32.Re2 Re8 33.Kg1 Kg7 34.Nd5 c6 
35.Nb6 Bxh3 36.Bxh3 Nf3+ 37.Kf2 Rxe2+ 38.Kxe2 Ng1+ 39.Ke3 Nxh3 40.Nd7 Ng5 
41.Ne5 Ne6 42.Nxc6 Kf6 43.Nd4 1/2-1/2

[Event "10th Essent op"]
[Site "Hoogeveen NED"]
[Date "2006.10.25"]
[Round "6.8"]
[White "Khairullin, Ildar"]
[Black "Piskov, Yury"]
[Result "1-0"]
[WhiteElo "2543"]
[BlackElo "2452"]
[EventDate "2006.10.20"]
[PlyCount "73"]

1.e4 e6 2.d4 d5 3.e5 c5 4.c3 Bd7 5.Nf3 a5 6.Be2 b5 7.O-O Qb6 8.Be3 Nc6 9.
Na3 cxd4 10.cxd4 Nb4 11.Nb1 Ne7 12.Nc3 Ng6 13.h4 Be7 14.g3 a4 15.h5 Nf8 
16.h6 gxh6 17.a3 Na6 18.Bxh6 Rg8 19.Qd2 b4 20.axb4 Nxb4 21.Bd1 Rg4 22.Bxa4
Rc8 23.Rfc1 Rb8 24.Bxf8 Bxf8 25.Bxd7+ Kxd7 26.Na4 Qb5 27.Nc5+ Ke8 28.Ra7 
Nc6 29.Nd7 Nxa7 30.Nf6+ Kd8 31.Nxg4 Qxb2 32.Qg5+ Be7 33.Nf6 Qa3 34.Kg2 Rb7
35.Qg8+ Bf8 36.Rc5 Ke7 37.Ng4 1-0

[Event "10th Essent op"]
[Site "Hoogeveen NED"]
[Date "2006.10.25"]
[Round "6.10"]
[White "Bednar, Jaromir"]
[Black "Ibrahimov, Rasul"]
[Result "0-1"]
[WhiteElo "2369"]
[BlackElo "2541"]
[EventDate "2006.10.20"]
[PlyCount "62"]

1.e4 c5 2.c3 d5 3.exd5 Qxd5 4.d4 Nf6 5.Nf3 e6 6.Be2 Be7 7.O-O cxd4 8.c4 
Qd7 9.Nxd4 O-O 10.Nc3 Rd8 11.Be3 b6 12.Qc2 Bb7 13.Rad1 Qc8 14.Ndb5 a6 15.
Rxd8+ Qxd8 16.Rd1 Nbd7 17.Nd6 Bc6 18.f4 Qc7 19.Nde4 h6 20.Bf3 Rc8 21.b3 b5
22.Nxf6+ Nxf6 23.Be2 Qa5 24.h3 bxc4 25.bxc4 Bc5 26.Bxc5 Qxc5+ 27.Kf1 Qe3 
28.Qd2 Qg3 29.Bd3 Rd8 30.Bh7+ Kxh7 31.Qc2+ Be4 0-1

[Event "10th Essent op"]
[Site "Hoogeveen NED"]
[Date "2006.10.25"]
[Round "6.11"]
[White "Van der Wiel, John"]
[Black "Swinkels, Robin"]
[Result "1-0"]
[WhiteElo "2522"]
[BlackElo "2378"]
[EventDate "2006.10.20"]
[PlyCount "71"]

1.e4 e5 2.Nf3 Nc6 3.Bb5 a6 4.Ba4 Nf6 5.O-O b5 6.Bb3 Bc5 7.a4 Rb8 8.axb5 
axb5 9.c3 d6 10.d3 O-O 11.Na3 Bd7 12.Nc2 Bb6 13.Bg5 h6 14.Bh4 g5 15.Nxg5 
hxg5 16.Bxg5 Kg7 17.Qf3 Qe7 18.Ne3 Be6 19.Bd5 Na7 20.Qg3 Rg8 21.Bxe6 fxe6 
22.Ng4 Nxe4 23.Bh6+ Kh7 24.Qh3 Kg6 25.dxe4 Rh8 26.Kh1 Qf7 27.Qg3 Kh7 28.f4
Qg6 29.fxe5 Rbg8 30.Qh4 Qxg4 31.Rf7+ Kg6 32.Qxg4+ Kxf7 33.Rf1+ Ke7 34.Bg7 
Rh7 35.Bf6+ Kf8 36.Be7+ 1-0

[Event "10th Essent op"]
[Site "Hoogeveen NED"]
[Date "2006.10.25"]
[Round "6.13"]
[White "Hoeksema, Hendrik Pieter"]
[Black "Smerdon, David"]
[Result "1/2-1/2"]
[WhiteElo "2374"]
[BlackElo "2473"]
[EventDate "2006.10.20"]
[PlyCount "57"]

1.d4 Nf6 2.c4 e6 3.Nf3 c5 4.d5 d6 5.Nc3 exd5 6.cxd5 g6 7.Bf4 Bg7 8.Qa4+ 
Bd7 9.Qb3 b5 10.Bxd6 Qb6 11.Be5 c4 12.Qd1 O-O 13.e3 b4 14.Nb1 Bb5 15.a4 
Ba6 16.Nbd2 Rc8 17.Rc1 c3 18.bxc3 Nxd5 19.Bxg7 Kxg7 20.Bxa6 Qxa6 21.cxb4 
Nxb4 22.Rxc8 Nd3+ 23.Kf1 Nb2+ 24.Qe2 Qxc8 25.Qb5 Qc2 26.Qe5+ Kg8 27.Qe8+ 
Kg7 28.Qe5+ Kg8 29.Qe8+ 1/2-1/2

[Event "10th Essent op"]
[Site "Hoogeveen NED"]
[Date "2006.10.25"]
[Round "6.15"]
[White "Shumiakina, Tatiana"]
[Black "Willemze, Jeroen"]
[Result "1/2-1/2"]
[WhiteElo "2363"]
[BlackElo "2423"]
[EventDate "2006.10.20"]
[PlyCount "87"]

1.d4 d5 2.c4 c6 3.Nf3 Nf6 4.e3 e6 5.Bd3 a6 6.O-O dxc4 7.Bxc4 c5 8.dxc5 
Qxd1 9.Rxd1 Bxc5 10.Nbd2 b5 11.Be2 Bb7 12.Nb3 Be7 13.Nfd4 Nbd7 14.f3 Bd8 
15.e4 Bb6 16.Be3 O-O 17.Kf2 Rac8 18.Rac1 Ne5 19.Nc2 Bxe3+ 20.Nxe3 Rxc1 21.
Rxc1 Rc8 22.Rd1 Kf8 23.Na5 Ba8 24.b3 Ke7 25.a4 Nc6 26.Nxc6+ Bxc6 27.Rc1 
Kd8 28.axb5 Bxb5 29.Rxc8+ Kxc8 30.Nc4 Bxc4 31.Bxc4 a5 32.Ke3 Kc7 33.Kd4 
Kc6 34.f4 Nd7 35.g4 Kd6 36.e5+ Kc6 37.h4 g6 38.f5 Nc5 39.h5 gxh5 40.gxh5 
h6 41.Ke3 Kc7 42.Kd4 Kc6 43.Ke3 Kc7 44.Kd4 1/2-1/2

[Event "10th Essent op"]
[Site "Hoogeveen NED"]
[Date "2006.10.25"]
[Round "6.16"]
[White "Willemze, Thomas"]
[Black "Schuurman, Petra"]
[Result "1-0"]
[WhiteElo "2384"]
[BlackElo "2239"]
[EventDate "2006.10.20"]
[PlyCount "27"]

1.e4 c6 2.Ne2 e5 3.d4 d6 4.Nbc3 Nf6 5.g3 Be7 6.Bg2 O-O 7.a4 Bg4 8.h3 Bh5 
9.O-O c5 10.dxe5 dxe5 11.Qxd8 Rxd8 12.g4 Bg6 13.f4 exf4 14.e5 1-0

[Event "10th Essent op"]
[Site "Hoogeveen NED"]
[Date "2006.10.25"]
[Round "6.17"]
[White "Pruijssers, Roeland"]
[Black "Berger, Steve"]
[Result "1/2-1/2"]
[WhiteElo "2339"]
[BlackElo "2412"]
[EventDate "2006.10.20"]
[PlyCount "118"]

1.e4 e6 2.d4 d5 3.Nc3 Bb4 4.e5 c5 5.a3 Bxc3+ 6.bxc3 Ne7 7.Qg4 O-O 8.Bd3 
Qa5 9.Bd2 f5 10.exf6 Rxf6 11.Qh5 Nf5 12.Nf3 Nc6 13.Ne5 c4 14.Bxf5 Rxf5 15.
Qe8+ Rf8 16.Nxc6 bxc6 17.Qxc6 Rb8 18.O-O Rb6 19.Qc7 Qa4 20.Ra2 Rb7 21.Qd6 
Qd7 22.Bf4 Rb6 23.Qxd7 Bxd7 24.Bc7 Rb7 25.Bd6 Rd8 26.Re1 Be8 27.Bb4 Bg6 
28.a4 Bf5 29.a5 a6 30.f3 h5 31.Re5 Kf7 32.Ra1 g5 33.Rae1 Kf6 34.h3 h4 35.
Bc5 Rdb8 36.Bb6 Re7 37.R1e2 Reb7 38.Kf2 Rxb6 39.axb6 Rxb6 40.Rd2 Rb5 41.g4
hxg3+ 42.Kxg3 Rb1 43.Rde2 Rg1+ 44.Kh2 Rc1 45.Rg2 a5 46.Ree2 Ra1 47.Rg1 Ra3
48.Re3 Bxc2 49.Rge1 Bf5 50.Kg3 a4 51.f4 gxf4+ 52.Kxf4 Rb3 53.h4 a3 54.h5 
a2 55.Ra1 Rb2 56.h6 Rd2 57.Rf3 Rh2 58.Kg3 Rc2 59.Kf4 Rh2 1/2-1/2

[Event "10th Essent op"]
[Site "Hoogeveen NED"]
[Date "2006.10.25"]
[Round "6.18"]
[White "Hendriks, Willy"]
[Black "Mamedjarova, Zeinab"]
[Result "1/2-1/2"]
[WhiteElo "2438"]
[BlackElo "2318"]
[EventDate "2006.10.20"]
[PlyCount "101"]

1.e4 c5 2.Nf3 Nc6 3.d4 cxd4 4.Nxd4 Nf6 5.Nc3 e5 6.Ndb5 d6 7.Bg5 a6 8.Na3 
b5 9.Bxf6 gxf6 10.Nd5 Bg7 11.Bd3 O-O 12.O-O Ne7 13.Nxe7+ Qxe7 14.Qf3 f5 
15.exf5 Bb7 16.Be4 d5 17.Bxd5 e4 18.f6 Bxf6 19.Qg3+ Kh8 20.Bxb7 Be5 21.Qh3
Qxb7 22.c3 f5 23.Rad1 Bg7 24.Nc2 Qf7 25.g3 Rad8 26.Ne3 f4 27.gxf4 Rd3 28.
Rxd3 exd3 29.Rd1 Qxf4 30.Qg3 Qe4 31.Qg2 Qe6 32.Rxd3 Qxa2 33.Qd5 Qxb2 34.
Nf5 Qc1+ 35.Kg2 Qg5+ 36.Ng3 Qxd5+ 37.Rxd5 Bxc3 38.Ne4 Bg7 39.Nc5 a5 40.Nd7
Rf7 41.Rxb5 h6 42.Ne5 Bxe5 43.Rxe5 Ra7 44.Re3 a4 45.Ra3 Kg7 46.Kf3 Kf6 47.
Ke2 Kg5 48.Rg3+ Kf6 49.Ra3 Ke6 50.Rh3 Kf6 51.Ra3 1/2-1/2

[Event "10th Essent op"]
[Site "Hoogeveen NED"]
[Date "2006.10.25"]
[Round "6.19"]
[White "Van Delft, Merijn"]
[Black "Mamedjarova, Turkan"]
[Result "1/2-1/2"]
[WhiteElo "2404"]
[BlackElo "2274"]
[EventDate "2006.10.20"]
[PlyCount "49"]

1.e4 e5 2.Nf3 Nf6 3.Nxe5 d6 4.Nf3 Nxe4 5.Nc3 Nxc3 6.dxc3 Be7 7.Bf4 O-O 8.
Qd2 Nd7 9.O-O-O Nc5 10.h4 Bf6 11.Be2 Re8 12.Nd4 Ne4 13.Qe1 a6 14.f3 Nc5 
15.Qf2 Ne6 16.Be3 Nxd4 17.Bxd4 Be6 18.Kb1 b5 19.g4 c5 20.Bxf6 Qxf6 21.f4 
Bxa2+ 22.Kxa2 Qe6+ 23.Kb1 Qxe2 24.Qxe2 Rxe2 25.Rxd6 1/2-1/2

[Event "10th Essent op"]
[Site "Hoogeveen NED"]
[Date "2006.10.25"]
[Round "6.21"]
[White "Kuipers, Stefan"]
[Black "Afek, Yochanan"]
[Result "1/2-1/2"]
[WhiteElo "2252"]
[BlackElo "2372"]
[EventDate "2006.10.20"]
[PlyCount "91"]

1.e4 c5 2.Nf3 d6 3.d4 cxd4 4.Nxd4 Nf6 5.Nc3 g6 6.Be3 Bg7 7.Be2 O-O 8.O-O 
Nc6 9.a4 Bd7 10.Nb3 Na5 11.Nxa5 Qxa5 12.f3 Be6 13.Nb5 Rfc8 14.c3 a6 15.Nd4
Bc4 16.Bxc4 Rxc4 17.Qb3 Qc7 18.Nc2 Nd7 19.Rfc1 Rc8 20.Bd2 e6 21.a5 Rc5 22.
Be3 Rh5 23.h3 d5 24.exd5 exd5 25.Rd1 Ne5 26.Qxd5 Nc4 27.Qd7 Qxd7 28.Rxd7 
Rb5 29.Na3 Nxa3 30.Rxa3 Rxb2 31.Bd4 Re8 32.Ra4 Bxd4+ 33.Raxd4 Ree2 34.Rg4 
h5 35.Rg5 Kg7 36.h4 Rec2 37.Rc7 Kf6 38.Kh1 Ke6 39.Rc4 Rb3 40.Re4+ Kf6 41.
Rf4+ Kg7 42.Rd5 f5 43.Rd7+ Kh6 44.Rb4 Rcxc3 45.Rxb3 Rxb3 46.f4 1/2-1/2

[Event "10th Essent op"]
[Site "Hoogeveen NED"]
[Date "2006.10.25"]
[Round "6.22"]
[White "Ly, Moulthun"]
[Black "Tondivar, Babak"]
[Result "1-0"]
[WhiteElo "2274"]
[BlackElo "2367"]
[EventDate "2006.10.20"]
[PlyCount "97"]

1.d4 d5 2.c4 e6 3.Nc3 Be7 4.cxd5 exd5 5.Bf4 c6 6.e3 Bf5 7.Qd2 Bd6 8.Nge2 
Nf6 9.f3 h5 10.Bxd6 Qxd6 11.e4 dxe4 12.Ng3 Bg6 13.fxe4 h4 14.e5 Qe6 15.
Nge2 Ne4 16.Qe3 Nxc3 17.bxc3 Qe7 18.Nf4 Qg5 19.Bc4 Bf5 20.O-O Rh6 21.Rae1 
Nd7 22.Bxf7+ Kxf7 23.e6+ Kg8 24.exd7 Bxd7 25.Qe7 Qxe7 26.Rxe7 Rd8 27.Rfe1 
b6 28.R1e5 Kf8 29.Nd3 Rf6 30.Re1 Bf5 31.Nf2 Rf7 32.R7e5 g6 33.Nd1 Rd5 34.
R5e2 Kg7 35.Ne3 Ra5 36.Nc4 Ra4 37.Ne5 Rf6 38.Rd2 Rd6 39.h3 Kf6 40.Nf3 c5 
41.Nxh4 cxd4 42.Nf3 d3 43.Nd4 Raxd4 44.cxd4 Rxd4 45.Kf2 g5 46.Re8 Bg6 47.
Ke3 Ra4 48.Rf2+ Kg7 49.Re7+ 1-0

[Event "10th Essent op"]
[Site "Hoogeveen NED"]
[Date "2006.10.25"]
[Round "6.24"]
[White "Otte, Marijn Willem"]
[Black "Vul, Arkady"]
[Result "0-1"]
[WhiteElo "2162"]
[BlackElo "2365"]
[EventDate "2006.10.20"]
[PlyCount "76"]

1.e4 e5 2.f4 exf4 3.Nf3 g5 4.h4 g4 5.Ne5 h5 6.d4 d6 7.Nd3 f3 8.Bf4 Be7 9.
Bg3 d5 10.e5 Nh6 11.Qd2 Nf5 12.Qf2 Be6 13.Nd2 fxg2 14.Bxg2 Nd7 15.O-O-O 
Nf8 16.Rh2 Ng6 17.Rdh1 c6 18.Bf1 Qa5 19.Kb1 O-O-O 20.Nc5 Bxc5 21.dxc5 Nxg3
22.Qxg3 Qxc5 23.Nb3 Qb4 24.Bd3 Qf4 25.Qg1 Kb8 26.Bxg6 fxg6 27.Nd4 Bf5 28.
Re2 Rhe8 29.e6 Be4 30.Rhh2 g3 31.Rh3 g2 32.Re1 c5 33.Ne2 Qd2 34.Nc3 Rxe6 
35.Ka1 Rf8 36.Rhe3 Qf2 37.Qh2+ Qf4 38.Qh3 Bf5 0-1

[Event "10th Essent op"]
[Site "Hoogeveen NED"]
[Date "2006.10.25"]
[Round "6.25"]
[White "Van de Oudeweetering, Arthur"]
[Black "Bensdorp, Marlies"]
[Result "1-0"]
[WhiteElo "2364"]
[BlackElo "2264"]
[EventDate "2006.10.20"]
[PlyCount "65"]

1.e4 e6 2.d4 d5 3.Nc3 Nf6 4.e5 Nfd7 5.Nf3 c5 6.dxc5 Bxc5 7.Bd3 Nc6 8.Qe2 
a6 9.Bf4 h6 10.h4 Qb6 11.Rb1 Qc7 12.O-O b5 13.Rfe1 Be7 14.h5 Bb7 15.Bg3 
Nb6 16.Nd1 Rc8 17.c3 Nc4 18.Ne3 Nxe3 19.Qxe3 Na5 20.Qf4 Nc4 21.Qg4 Bf8 22.
Nd4 Qb6 23.a3 Nd2 24.Rbd1 Ne4 25.Bh4 Rg8 26.f3 Nc5 27.Bh7 Rh8 28.Bc2 a5 
29.f4 b4 30.axb4 axb4 31.f5 b3 32.Bb1 Rc7 33.f6 1-0

[Event "10th Essent op"]
[Site "Hoogeveen NED"]
[Date "2006.10.25"]
[Round "6.27"]
[White "Kleijn, Christov"]
[Black "Clemens, Adrian HP"]
[Result "0-1"]
[WhiteElo "2108"]
[BlackElo "2323"]
[EventDate "2006.10.20"]
[PlyCount "38"]

1.e4 c5 2.Nf3 d6 3.d4 cxd4 4.Nxd4 Nf6 5.Nc3 a6 6.Bg5 e6 7.f4 Nbd7 8.Qf3 
Qc7 9.O-O-O b5 10.Bxf6 Nxf6 11.e5 Bb7 12.Qg3 dxe5 13.fxe5 Nd7 14.Nf5 Qxe5 
15.Qd3 O-O-O 16.Ng3 Be7 17.Qe2 Qxe2 18.Bxe2 Bxg2 19.Rhg1 Bb7 0-1

[Event "10th Essent op"]
[Site "Hoogeveen NED"]
[Date "2006.10.25"]
[Round "6.28"]
[White "Brandenburg, Daan"]
[Black "Hulshof, Peter"]
[Result "1-0"]
[WhiteElo "2421"]
[BlackElo "2158"]
[EventDate "2006.10.20"]
[PlyCount "85"]

1.e4 g6 2.d4 Bg7 3.Nc3 c6 4.f4 d5 5.e5 Nh6 6.Be3 f6 7.h3 Qb6 8.Na4 Qa5+ 9.
c3 O-O 10.Nc5 Qc7 11.Nf3 b6 12.Nd3 Bf5 13.Nf2 Bc8 14.g4 f5 15.Ng5 Nf7 16.
Nxf7 Rxf7 17.Bd3 Ba6 18.Bc2 e6 19.h4 Qe7 20.h5 c5 21.Rg1 cxd4 22.Qxd4 Nc6 
23.Qd2 Kf8 24.O-O-O Na5 25.hxg6 hxg6 26.Nh3 Nc4 27.Qe1 Nxe3 28.Qxe3 Qc5 
29.Qg3 Be2 30.gxf5 Bxd1 31.fxg6 Re7 32.Rxd1 Rd8 33.Ng5 d4 34.Qh3 Qc8 35.
Bb3 dxc3 36.Rxd8+ Qxd8 37.bxc3 Qe8 38.Nh7+ Kg8 39.Nf6+ Bxf6 40.exf6 Qxg6 
41.fxe7 Qg1+ 42.Kc2 Qf2+ 43.Kd3 1-0

[Event "10th Essent op"]
[Site "Hoogeveen NED"]
[Date "2006.10.25"]
[Round "6.29"]
[White "De Jong, Migchiel"]
[Black "Schenkeveld, Daniel"]
[Result "1-0"]
[WhiteElo "2263"]
[BlackElo "2036"]
[EventDate "2006.10.20"]
[PlyCount "71"]

1.Nf3 c5 2.g3 Nf6 3.Bg2 d5 4.O-O Nc6 5.d4 e6 6.c4 Be7 7.cxd5 exd5 8.Nc3 
O-O 9.Bg5 Be6 10.dxc5 d4 11.Bxf6 Bxf6 12.Ne4 Be7 13.Qd2 Bf5 14.Ne1 Bg6 15.
Nd3 f5 16.Nd6 Bxd6 17.cxd6 Qxd6 18.Rac1 Rfe8 19.Rc5 Bh5 20.Re1 Qf6 21.b4 
Rac8 22.Nf4 Bf7 23.Rec1 Ne7 24.Bxb7 Rcd8 25.h4 g6 26.b5 Rd6 27.Rc7 Nd5 28.
Bxd5 Bxd5 29.Nxd5 Rxd5 30.Qh6 Rxb5 31.Qxh7+ Kf8 32.Qh6+ Kg8 33.h5 Rb6 34.
Qh7+ Kf8 35.h6 Rbe6 36.Rg7 1-0

[Event "10th Essent op"]
[Site "Hoogeveen NED"]
[Date "2006.10.25"]
[Round "6.30"]
[White "Wielenga, Wiebe"]
[Black "Doggers, Peter"]
[Result "1/2-1/2"]
[WhiteElo "2154"]
[BlackElo "2252"]
[EventDate "2006.10.20"]
[PlyCount "100"]

1.e4 e5 2.Nf3 Nc6 3.Bb5 a6 4.Ba4 Nf6 5.O-O Be7 6.Re1 b5 7.Bb3 d6 8.c3 O-O 
9.h3 Na5 10.Bc2 c5 11.d4 Qc7 12.Nbd2 cxd4 13.cxd4 Rd8 14.d5 Bd7 15.Nf1 
Rdc8 16.Ne3 Nb7 17.Bd2 Nc5 18.Qb1 a5 19.b3 Bf8 20.Rc1 Qd8 21.Nh2 Nh5 22.
Neg4 Nf4 23.Bxf4 exf4 24.e5 h5 25.Bh7+ Kh8 26.Rc3 hxg4 27.hxg4 g6 28.Bxg6 
fxg6 29.Qxg6 Bg7 30.Rh3+ Kg8 31.Qh7+ Kf8 32.e6 Nxe6 33.dxe6 Bxe6 34.Re1 
Bg8 35.Qe4 Bf7 36.Nf3 d5 37.Qd3 Qd6 38.Nh4 Re8 39.Rd1 Qe5 40.Qxb5 d4 41.
Qc6 Rac8 42.Qa6 Kg8 43.Nf5 Rcd8 44.Nxg7 Kxg7 45.Qh6+ Kg8 46.Qh7+ Kf8 47.
Qh6+ Ke7 48.Qh4+ Kd6 49.Qh7 Ke7 50.Qh4+ Kf8 1/2-1/2

[Event "10th Essent op"]
[Site "Hoogeveen NED"]
[Date "2006.10.25"]
[Round "6.31"]
[White "Woudt, Edwin"]
[Black "Vedder, Richard"]
[Result "0-1"]
[WhiteElo "2072"]
[BlackElo "2248"]
[EventDate "2006.10.20"]
[PlyCount "52"]

1.e4 c5 2.Nf3 e6 3.c3 d5 4.e5 Nc6 5.d4 Bd7 6.a3 f6 7.b4 cxd4 8.cxd4 fxe5 
9.dxe5 Qc7 10.Bb2 Nh6 11.Bd3 Nf7 12.Qe2 g5 13.b5 Na5 14.h4 Nb3 15.Ra2 Nc1 
16.Bxc1 Qxc1+ 17.Qd1 Qxd1+ 18.Kxd1 g4 19.Ng5 Nxe5 20.Bxh7 Bxb5 21.Nc3 Bc4 
22.Rb2 O-O-O 23.Re1 Bxa3 24.Rb1 Bd6 25.g3 Rdf8 26.Nxe6 Rxf2 0-1

[Event "10th Essent op"]
[Site "Hoogeveen NED"]
[Date "2006.10.25"]
[Round "6.32"]
[White "Ahlers, Ben"]
[Black "Van Weersel, Arlette"]
[Result "1/2-1/2"]
[WhiteElo "2184"]
[BlackElo "2156"]
[EventDate "2006.10.20"]
[PlyCount "56"]

1.d4 Nf6 2.Nf3 e6 3.e3 b6 4.Bd3 Bb7 5.Nbd2 d5 6.O-O Bd6 7.Ne5 O-O 8.b3 Ne4
9.f3 Nxd2 10.Qxd2 f6 11.Ng4 Nd7 12.Bb2 c5 13.c4 Qc7 14.h3 f5 15.Nf2 Nf6 
16.cxd5 Nh5 17.f4 exd5 18.Rfd1 Ng3 19.Kh2 Ne4 20.Bxe4 fxe4 21.dxc5 bxc5 
22.Nxe4 Rxf4 23.Nxd6 Re4 24.Kg1 Qxd6 25.Qc3 Qe7 26.Rac1 Rc8 27.Re1 c4 28.
Qc2 a6 1/2-1/2

[Event "10th Essent op"]
[Site "Hoogeveen NED"]
[Date "2006.10.25"]
[Round "6.33"]
[White "Van Kooten, Luuk"]
[Black "Drost, Peter"]
[Result "1-0"]
[WhiteElo "2291"]
[BlackElo "2137"]
[EventDate "2006.10.20"]
[PlyCount "61"]

1.d4 g6 2.c4 Bg7 3.e4 d6 4.Nc3 c5 5.d5 Nf6 6.Bd3 O-O 7.Nge2 e6 8.O-O exd5 
9.cxd5 Na6 10.h3 Nc7 11.Ng3 Rb8 12.a4 a6 13.a5 b5 14.axb6 Rxb6 15.f4 Nb5 
16.Nxb5 axb5 17.Be3 Nd7 18.Rb1 Qh4 19.Qf3 Rb8 20.Bf2 Qd8 21.b4 c4 22.Bc2 
Ra8 23.Qd1 Ra2 24.Ne2 Nb6 25.Nd4 Bd7 26.Ra1 Rb2 27.Ra6 Na4 28.Rxd6 Qc7 29.
e5 Rxb4 30.Nc6 Nb2 31.Qe1 1-0

[Event "10th Essent op"]
[Site "Hoogeveen NED"]
[Date "2006.10.25"]
[Round "6.34"]
[White "Wempe, Joost"]
[Black "Galje, Hans"]
[Result "1-0"]
[WhiteElo "2268"]
[BlackElo "2110"]
[EventDate "2006.10.20"]
[PlyCount "85"]

1.d4 Nf6 2.c4 e6 3.Nf3 c5 4.d5 exd5 5.cxd5 d6 6.Nc3 g6 7.Bf4 a6 8.e4 Bg4 
9.Qa4+ Bd7 10.Qc2 b5 11.Be2 Bg4 12.e5 Bf5 13.Bxb5+ axb5 14.Qe2 dxe5 15.
Bxe5 Kd7 16.Qxb5+ Kc8 17.O-O Bd7 18.Qc4 Na6 19.Ne4 Nxe4 20.Bxh8 Nd6 21.Qf4
Be7 22.Be5 Bb5 23.Rfc1 Ra7 24.b4 Rc7 25.a4 Be8 26.bxc5 Nxc5 27.Qe3 Ncb7 
28.Rxc7+ Kxc7 29.a5 Kb8 30.a6 Na5 31.Qc3 Ka8 32.Rxa5 Nc4 33.Ra1 Qxd5 34.
Bd4 Bd6 35.a7 Bc6 36.Rb1 g5 37.Qb3 Bb7 38.Qa4 Bc6 39.Qb3 Bb7 40.h3 h5 41.
Qb5 Qxb5 42.Rxb5 g4 43.Rxh5 1-0

[Event "10th Essent op"]
[Site "Hoogeveen NED"]
[Date "2006.10.25"]
[Round "6.35"]
[White "Van Geffen, Ben"]
[Black "Weeks, Manuel"]
[Result "1/2-1/2"]
[WhiteElo "2132"]
[BlackElo "2247"]
[EventDate "2006.10.20"]
[PlyCount "68"]

1.e4 e5 2.Nf3 Nc6 3.Bb5 a6 4.Ba4 Nf6 5.O-O Be7 6.Re1 b5 7.Bb3 d6 8.c3 O-O 
9.d4 Bg4 10.Be3 exd4 11.cxd4 Na5 12.Bc2 Nc4 13.Bc1 c5 14.b3 Nb6 15.h3 Bh5 
16.d5 Nfd7 17.Nbd2 Bf6 18.Rb1 Rc8 19.g4 Bg6 20.Nf1 h6 21.Bf4 Ne5 22.Nxe5 
dxe5 23.Bd2 Bg5 24.Ne3 Qf6 25.Ba5 Rfd8 26.Nf5 Bxf5 27.gxf5 Rd6 28.Qg4 Nd7 
29.Bc3 Qe7 30.Rbd1 Nf6 31.Qf3 Nh7 32.Kh1 Bf4 33.Rg1 Qh4 34.Rg4 Ng5 1/2-1/2

[Event "10th Essent op"]
[Site "Hoogeveen NED"]
[Date "2006.10.25"]
[Round "6.36"]
[White "Mijnheer, Peter"]
[Black "Hendriks, Richard V"]
[Result "1-0"]
[WhiteElo "2232"]
[BlackElo "2106"]
[EventDate "2006.10.20"]
[PlyCount "83"]

1.e4 e5 2.Nf3 Nc6 3.Bb5 f5 4.Nc3 fxe4 5.Nxe4 d5 6.Ng3 Bd6 7.Nxe5 Bxe5 8.
Bxc6+ bxc6 9.Qh5+ Kf8 10.Qxe5 Nf6 11.O-O Kf7 12.d3 Re8 13.Qc3 Qd6 14.Bg5 
Ng4 15.Rae1 Bd7 16.f3 Nf6 17.Bxf6 Qxf6 18.Qxf6+ Kxf6 19.Rxe8 Rxe8 20.Kf2 
g6 21.Re1 Rb8 22.b3 c5 23.Nf1 c6 24.Ne3 a5 25.Rd1 a4 26.f4 h5 27.h3 Rb4 
28.Kf3 h4 29.Re1 g5 30.fxg5+ Kxg5 31.Kf2 Rb8 32.Nf1 axb3 33.axb3 Rf8+ 34.
Kg1 Rf4 35.Re7 Bf5 36.Nd2 Bg6 37.Re6 Rf6 38.Nf3+ Kf5 39.Rxf6+ Kxf6 40.Nxh4
Bh5 41.Nf3 Bg6 42.Kf2 1-0

[Event "10th Essent op"]
[Site "Hoogeveen NED"]
[Date "2006.10.25"]
[Round "6.38"]
[White "Kulago, Alexander"]
[Black "Rooda, Kai P"]
[Result "0-1"]
[WhiteElo "2114"]
[BlackElo "2148"]
[EventDate "2006.10.20"]
[PlyCount "96"]

1.Nf3 d5 2.d4 Bg4 3.Ne5 Be6 4.Nd2 f6 5.Nef3 Bf7 6.b3 e6 7.Bb2 Bd6 8.c4 c6 
9.e4 Ne7 10.Bd3 Nd7 11.O-O O-O 12.Rc1 Rc8 13.Qc2 Ng6 14.Rfe1 Nf4 15.Bf1 c5
16.g3 Ng6 17.e5 Bb8 18.cxd5 Re8 19.dxe6 Bxe6 20.exf6 Nxf6 21.Rxe6 Rxe6 22.
Bc4 Nd5 23.Qf5 Rd6 24.Ng5 Qd7 25.Qf3 Rf8 26.Qh5 h6 27.dxc5 Qf5 28.Qe2 Rdd8
29.Qe6+ Kh8 30.Qxf5 Rxf5 31.Ne6 Rd7 32.Ne4 Be5 33.Ba3 Bf6 34.Rd1 Re5 35.
Nxf6 Nxf6 36.Rxd7 Nxd7 37.Nc7 Nxc5 38.Bd5 b6 39.Bf3 Re1+ 40.Kg2 Ra1 41.Nb5
Rxa2 42.Bxc5 bxc5 43.Be4 Ne5 44.Bd5 Nd3 45.b4 Rxf2+ 46.Kg1 cxb4 47.Bc4 Rd2
48.Nxa7 Nc5 0-1